Защита конституционного права на свободу мысли и слова в современной России (Запись № 1928957)

Подробности
000 -МАРКЕР
контрольное поле 02169nam0a2200385 4500
001 - ИДЕНТИФИКАТОР ЗАПИСИ
контрольное поле RU\NLR\bibl\1824734
005 - ИДЕНТИФИКАТОР ВЕРСИИ
контрольное поле 20260406002004.0
010 ## - МЕЖДУНАРОДНЫЙ СТАНДАРТНЫЙ НОМЕР КНИГИ (ISBN)
Номер (ISBN) 978-5-7924-0909-5
Тираж 500
021 ## - НОМЕР ГОСУДАРСТВЕННОЙ РЕГИСТРАЦИИ
Код страны российская федерация
Номер 2011-75274
Номер Листа государственной регистраци 5349
035 ## - ДРУГИЕ СИСТЕМНЫЕ НОМЕРА
Идентификатор записи (nilc)RSL-KNO-005031527
035 ## - ДРУГИЕ СИСТЕМНЫЕ НОМЕРА
Идентификатор записи (NLR Aleph) 001815267
100 ## - ДАННЫЕ ОБЩЕЙ ОБРАБОТКИ
Данные общей обработки 20110926d2011 |||y0rusy50 ca
101 0# - ЯЗЫК РЕСУРСА
Язык текста, звукозаписи и т.д. русский
Язык резюме английский
Язык оглавления английский
102 ## - СТРАНА ПУБЛИКАЦИИ ИЛИ ПРОИЗВОДСТВА
Страна публикации российская федерация
105 ## - ПОЛЕ КОДИРОВАННЫХ ДАННЫХ: ТЕКСТОВЫЕ МАТЕРИАЛЫ, МОНОГРАФИЧЕСКИЕ
Кодированные данные о монографическом текстовом документе y |||||||||
200 1# - ЗАГЛАВИЕ И СВЕДЕНИЯ ОБ ОТВЕТСТВЕННОСТИ
Основное заглавие Защита конституционного права на свободу мысли и слова в современной России
Параллельное заглавие Protection of constitutional right on freedom of idea and speech in modern Russia
Первые сведения об ответственности М. А. Дубровина
Последующие сведения об ответственности под ред. В. Т. Кабышева
-- М-во образования и науки Российской Федерации, Гос. образовательное учреждение высш. проф. образования "Саратовская гос. акад. права"
Язык параллельного заглавия английский
210 ## - ПУБЛИКАЦИЯ, РАСПРОСТРАНЕНИЕ И ДР.
Место издания, распространения и т.д. Саратов
Имя издателя, распространителя и т. д. Изд-во ГОУ ВПО "Саратовская гос. акад. права"
Дата издания, распространения и т.д. 2011
215 ## - ФИЗИЧЕСКАЯ ХАРАКТЕРИСТИКА
Специфическое обозначение материала и объем 242 с.
Размеры 21
300 ## - ОБЩИЕ ПРИМЕЧАНИЯ
Текст примечания Авт. также на англ. яз.: M.A. Dubrovina
300 ## - ОБЩИЕ ПРИМЕЧАНИЯ
Текст примечания На 4-й с. обл. авт.: Дубровина М.А. - к.ю.н., преп.
300 ## - ОБЩИЕ ПРИМЕЧАНИЯ
Текст примечания Рез. на англ. яз.
510 0# - ПАРАЛЛЕЛЬНОЕ ЗАГЛАВИЕ
Связь между полями z11790
Параллельное заглавие Protection of constitutional right on freedom of idea and speech in modern Russia
Язык заглавия английский
606 1# - НАИМЕНОВАНИЕ ТЕМЫ КАК ПРЕДМЕТ
Наименование темы Свобода слова
Географический подзаголовок Российская Федерация
Системный номер авторитетной/нормативной записи 2077687
Идентификатор авторитетной/нормативной записи RU\NLR\auth\661253369
686 ## - ИНДЕКСЫ ДРУГИХ КЛАССИФИКАЦИЙ
Индекс Х620.323.13,0
Код системы
686 ## - ИНДЕКСЫ ДРУГИХ КЛАССИФИКАЦИЙ
Индекс Х620.323.1
700 #1 - ИМЯ ЛИЦА - ПЕРВИЧНАЯ ОТВЕТСТВЕННОСТЬ
Код отношения Автор
Материалы, к которым относится поле rus
Графика поля Кириллица
Начальный элемент ввода Дубровина
Часть имени, кроме начального элемента ввода М. А.
Дополнения к именам, кроме дат канд. юрид. наук, конституц. право
Расширение инициалов личного имени Марина Анатольевна
Идентификатор авторитетной/нормативной записи RU\NLR\auth\77111528
Системный номер авторитетной/нормативной записи 94453
790 #1 - ИМЯ ЛИЦА - АЛЬТЕРНАТИВНАЯ ФОРМА
Код отношения Автор
Материалы, к которым относится поле rus
Графика поля Латинская
Начальный элемент ввода Dubrovina
Часть имени, кроме начального элемента ввода M. A.
Дополнения к именам, кроме дат канд. юрид. наук, конституц. право
Расширение инициалов личного имени Marina Anatol'evna
Идентификатор авторитетной/нормативной записи RU\NLR\auth\77111535
Системный номер авторитетной/нормативной записи 94460
801 #0 - ИСТОЧНИК ЗАПИСИ
Страна российская федерация
Организация RuMoRKP
Дата составления 20110926
Правила каталогизации rcr
801 #1 - ИСТОЧНИК ЗАПИСИ
Страна российская федерация
Организация РГБ
Дата составления 20110926
801 #2 - ИСТОЧНИК ЗАПИСИ
Страна российская федерация
Организация NLR
Дата составления 20111024
Правила каталогизации rcr
942 ## - ДОПОЛНИТЕЛЬНЫЕ ЭЛЕМЕНТЫ ЗАПИСИ (АБИС)
Тип экземпляра АБИС Книга
980 ## - КОЛЛЕКЦИЯ
Название коллекции Национальная библиография
980 ## - КОЛЛЕКЦИЯ
Название коллекции НБР
Экземпляры
Тип экземпляра Дата поступления Источник поступления Библиотека постоянного хранения Библиотека текущего хранения Место хранения Шифр хранения Штрих-код Статус не для выдачи
Книга 24.10.2011 Обязательный экземпляр РНБ (Московский) РНБ (Московский) Русский книжный фонд: издания с 1957 года, 8этаж 2011-3/32969 1-304455  
Книга 24.10.2011 Обязательный экземпляр РНБ (Московский) РНБ (Московский) Русский книжный фонд: издания с 1957 года, 8этаж 2011-3/32969 3516282